a Home in Urbana; Correspondence between the Tagores and the seymours/ (Record no. 208597)

MARC details
000 -LEADER
fixed length control field 00529nam a22001817a 4500
005 - DATE AND TIME OF LATEST TRANSACTION
control field 20250120123054.0
010 ## - LCCN (DPL NO)
LC control number ENG-143443
020 ## - INTERNATIONAL STANDARD BOOK NUMBER
Terms of availability 270.00
035 ## - SYSTEM CONTROL NUMBER
System control number EN-126975
037 ## - SOURCE OF ACQUISITION
Source of stock number/acquisition DBAD
082 ## - DEWEY DECIMAL CLASSIFICATION NUMBER
Classification number S
245 ## - TITLE STATEMENT
Title a Home in Urbana; Correspondence between the Tagores and the seymours/
Statement of responsibility, etc Edited By Supriya Roy
250 ## - EDITION STATEMENT
Edition statement First
260 ## - PUBLICATION, DISTRIBUTION, ETC. (IMPRINT)
Name of publisher, distributor, etc Patralekha
Date of publication, distribution, etc 2011
Place of publication, distribution, etc 10B College Row Kolkata
270 ## - ADDRESS
City Kolkata
Telephone number 9831110963
Address 10B College Row Kolkata
Postal code 700009
300 ## - PHYSICAL DESCRIPTION
Extent 144p.
Dimensions 21cm (pbk)
942 ## - ADDED ENTRY ELEMENTS (KOHA)
Source of classification or shelving scheme Dewey Decimal Classification
Item type English Books
Classification part S
Call number suffix AHO
Holdings
Withdrawn status Lost status Not for loan Collection code Home library Current library Date acquired Source of acquisition Cost, normal purchase price Full call number Barcode Copy number Cost, replacement price Koha item type
      Fiction D.B.Act.Division D.B.Act.Division 20/01/2025 DBAD 270.00 S AHO EN-126975 1 270.00 English Books

© Delhi Public Library
Hit Counter
free hit counter